Bartis Attila A nyugalom című regényének elemzése
Elmentve itt :
| Szerző: | |
|---|---|
| További közreműködők: | |
| Dokumentumtípus: | Szakdolgozat |
| Megjelent: |
2004
|
| Tárgyszavak: | |
| Online Access: | http://diploma.bibl.u-szeged.hu/43377 |
| LEADER | 00548nta a2200157 i 4500 | ||
|---|---|---|---|
| 001 | dipl43377 | ||
| 005 | 20140801155105.0 | ||
| 008 | 140801s2004 hu om 0|| hun d | ||
| 040 | |a SZTE Diploma Repozitórium |b hun | ||
| 041 | |a hun | ||
| 100 | 1 | |a Veres Andrea | |
| 245 | 1 | 0 | |a Bartis Attila A nyugalom című regényének elemzése |h [elektronikus dokumentum] / |c Andrea Veres |
| 260 | |c 2004 | ||
| 650 | 4 | |a Bölcsészettudományok | |
| 700 | 1 | |a Urbanik Tímea |e ths | |
| 856 | 4 | 0 | |u http://diploma.bibl.u-szeged.hu/id/eprint/43377/1/2004_veres_andrea.pdf |z Dokumentum-elérés |